|
|
|
|
| LEADER |
01454nam a2200373Ia 4500 |
| 001 |
EBC3050617 |
| 003 |
MiAaPQ |
| 005 |
20200520144314.0 |
| 006 |
m o d | |
| 007 |
cr cn||||||||| |
| 008 |
030718s2004 dcu sb 001 0 eng d |
| 020 |
|
|
|z 0821356062
|
| 035 |
|
|
|a (MiAaPQ)EBC3050617
|
| 035 |
|
|
|a (Au-PeEL)EBL3050617
|
| 035 |
|
|
|a (CaPaEBR)ebr10044934
|
| 035 |
|
|
|a (CaONFJC)MIL8677
|
| 035 |
|
|
|a (OCoLC)54360265
|
| 040 |
|
|
|a MiAaPQ
|c MiAaPQ
|d MiAaPQ
|
| 050 |
|
4 |
|a HG4538
|b .M5968 2004
|
| 082 |
0 |
4 |
|a 332.67/3
|2 22
|
| 100 |
1 |
|
|a Morisset, Jacques.
|
| 245 |
1 |
4 |
|a The Effectiveness of promotion agencies at attracting foreign investment
|h [electronic resource] /
|c Jacques Morisset, Kelly Andrews-Johnson.
|
| 260 |
|
|
|a Washington, D.C. :
|b World Bank,
|c 2004.
|
| 300 |
|
|
|a 108 p.
|
| 490 |
1 |
|
|a Occasional paper (Foreign Investment Advisory Service) ;
|v 16
|
| 504 |
|
|
|a Includes bibliographical references and index.
|
| 533 |
|
|
|a Electronic reproduction. Ann Arbor, MI : ProQuest, 2015. Available via World Wide Web. Access may be limited to ProQuest affiliated libraries.
|
| 650 |
|
0 |
|a Investments, Foreign.
|
| 650 |
|
0 |
|a Industrial promotion.
|
| 655 |
|
4 |
|a Electronic books.
|
| 700 |
1 |
|
|a Andrews-Johnson, Kelly,
|d 1968-
|
| 710 |
2 |
|
|a ProQuest (Firm)
|
| 830 |
|
0 |
|a Occasional paper (Foreign Investment Advisory Service) ;
|v 16.
|
| 856 |
4 |
0 |
|u https://ebookcentral.proquest.com/lib/matrademy/detail.action?docID=3050617
|z Click to View
|